| 000 | 01068nam a22003257a 4500 | ||
|---|---|---|---|
| 003 | CHAP | ||
| 005 | 20220329135456.0 | ||
| 008 | 971013s1967 r 00010 d | ||
| 010 | _a37167 | ||
| 011 | _a38139 | ||
| 035 | _a42259 | ||
| 040 | _cCHAP | ||
| 082 |
_a917.23 _bO84 |
||
| 100 | 0 | 0 |
_aOseguera Velázquez, Juan. _984182 |
| 245 | _aColima en panorama ; monografía histórica, geográfica, política y sociológica | ||
| 260 |
_aColima : _b(s.e.), _c1967 |
||
| 300 |
_a392 p. _b: ilus. mapas |
||
| 590 |
_aBATCH-UPD _b10 _c20130110 _lUCH01 _h0032 |
||
| 590 |
_aBATCH-UPD _b10 _c20130110 _lUCH01 _h2140 |
||
| 590 |
_aBATCH-UPD _b10 _c20130409 _lUCH01 _h2015 |
||
| 590 |
_aBATCH-UPD _b10 _c20130410 _lUCH01 _h1449 |
||
| 590 |
_aBATCH-UPD _b10 _c20130914 _lUCH01 _h1008 |
||
| 590 |
_aCONVERSION _b10 _c20130109 _lUCH01 _h1321 |
||
| 650 | 1 | 4 |
_aAgricultura _xColima. _91367 |
| 650 | 1 | 4 |
_aColima _xCondiciones económicas. _925159 |
| 650 | 1 | 4 |
_aColima _xGeografía. _925166 |
| 901 | _aBK | ||
| 942 | _cLIBRO | ||
| 949 |
_a917.23 O84 _bBC _cC _d33724000628459 _eC _h11784 _i42259 _si |
||
| 999 |
_c37167 _d37167 |
||